000 00353 a2200169 4500
001 186670
020 _a
040 _cMagnum
100 _aSantos, Jorge Fernando Dos
240 1 0 _aO boi da cara branca
_lpor
245 1 0 _aO boi da cara branca
300 _a12
362 0 _a1991
440 1 _aRHJ
697 _aLITERATURA INFANTO
942 _cBK
999 _c186670
_d186670